00793nam a2200205 a 450000100100000000500170001000800410002702000170006804000250008510000350011024501000014526000590024530000280030449000280033250500330036070000370039383000350043095201050046599900170057000004450620201002045425.0140703s2010 br 000 0 spa d a978856297014 aDO-SdBNPbspacBNPHU1 aCarneiro Leao, Emmanuel97252710aEmmanuel Carneiro Leao /cEmmanuel Carneiro Leao; organizadores, Fernando Santoro ... [et al.]. aRio de Janeiro :bfundacao biblioteca nacional,c2010. a423 p. :bil. ;c24 cm.1 aPensamento no Brasilv1 av. 1tPensamento no Brasil¿12aSantoro, Fernando,d1968-972528 0aPensamento no Brasilv1972529 001050718MOaGRbGRcCTd2014-07-03iLF1l0o p44506-10r2020-06-25w2020-06-25y1ZNo se presta c43995d43995